Songs by Artist Click Quiz #9 - Statistics

General Stats
  • This quiz has been taken 246 times
  • The average score is 21 of 30
Answer Stats
Hint Answer % Correct
Hips Don't Lie Shakira
93%
Rocket Man Elton John
92%
Baby Justin Bieber
91%
Moves Like Jagger Maroon 5
91%
American Idiot Green Day
90%
Waka Waka (This Time for Africa) Shakira
88%
Tiny Dancer Elton John
86%
Boulevard of Broken Dreams Green Day
86%
Whenever, Wherever Shakira
84%
Love Yourself Justin Bieber
82%
Candle in the Wind Elton John
81%
Sorry Justin Bieber
81%
She Will Be Loved Maroon 5
81%
Can You Feel the Love Tonight Elton John
79%
Wake Me Up When September Ends Green Day
78%
The Number of the Beast Iron Maiden
75%
Your Song Elton John
72%
Basket Case Green Day
68%
Loca Shakira
68%
She Wolf Shakira
68%
Run to the Hills Iron Maiden
65%
Aces High Iron Maiden
63%
The Trooper Iron Maiden
63%
21 Guns Green Day
60%
This Love Maroon 5
60%
2 Minutes to Midnight Iron Maiden
50%
One Less Lonely Girl Justin Bieber
41%
One Time Justin Bieber
38%
Makes Me Wonder Maroon 5
32%
If I Never See Your Face Again Maroon 5
23%
No matching quizzes found
Score Distribution
Percent of People with Each Score
Percentile by Number Answered
Your Score History
You have not taken this quiz